[Event "ITA-chTB 53rd"]
[Site "Montesilvano"]
[Date "2022.04.22"]
[Round "6.3"]
[White "Dervishi, Erald"]
[Black "Moroni, Luca Jr"]
[Result "1-0"]
[WhiteElo "2511"]
[BlackElo "2584"]
[PlyCount "119"]
[EventDate "2022.04.19"]
[EventType "team-tourn"]
[EventRounds "7"]
[EventCountry "ITA"]
[SourceTitle "CBM 207 Extra"]
[Source "ChessBase"]
[SourceDate "2022.05.31"]
[SourceVersion "1"]
[SourceVersionDate "2022.05.31"]
[SourceQuality "1"]
[WhiteTeam "Marostica Pizzato Elettrica"]
[BlackTeam "Cerianese Scacchistica"]
[WhiteTeamCountry "ITA"]
[BlackTeamCountry "ITA"]

1. e4 e5 2. Nf3 Nc6 3. Bb5 a6 4. Ba4 Nf6 5. 0-0 b5 6. Bb3 Bc5 7. c3 d6 8. d4 Bb6 9. Re1 0-0 10. h3 h6 11. Be3 Re8 12. Nbd2 Bb7 13. Qb1 Rb8 14. a3 exd4 15. cxd4 Na5 16. Bc2 c5 17. b4 cxd4 18. Nxd4 Nc6 19. Nf5 Bxe3 20. Rxe3 Ne7 21. Nxe7+ Rxe7 22. Qb2 Rc8 23. Rd1 Rec7 24. Bb3 Qe7 25. e5 dxe5 26. Rxe5 Qf8 27. Nf1 Rd8 28. Rxd8 Qxd8 29. Ne3 Qc8 30. Qd4 Rc1+ 31. Kh2 Qc7 32. f4 Qc3 33. Qd8+ Kh7 34. Bxf7 Qe1 35. Qd3+ Kh8 36. Nd5 Qg1+ 37. Kg3 Rc8 38. Qe3 Qxe3+ 39. Nxe3 Rc3 40. Kh2 Kh7 41. f5 h5 42. Kg3 Rxa3 43. Kf4 Bc6 44. Re6 Bd7 45. Rd6 Ra4 46. Nd5 Nxd5+ 47. Rxd5 Rxb4+ 48. Kg5 Bxf5 49. Rxf5 Rb2 50. g3 Rg2 51. Bg6+ Kg8 52. Kh4 Rd2 53. Kxh5 b4 54. h4 b3 55. Bf7+ Kh7 56. Re5 g6+ 57. Bxg6+ Kg7 58. g4 b2 59. g5 Rd7 60. Re6 1-0

[Event "ITA-chTA 52nd"]
[Site "Montesilvano"]
[Date "2021.09.21"]
[Round "2.1"]
[White "Saric, Ivan"]
[Black "Dervishi, Erald"]
[Result "1-0"]
[WhiteElo "2649"]
[BlackElo "2527"]
[PlyCount "129"]
[EventDate "2021.09.20"]
[EventType "team-tourn"]
[EventRounds "7"]
[EventCountry "ITA"]
[SourceTitle "CBM 204 Extra"]
[Source "ChessBase"]
[SourceDate "2021.11.30"]
[SourceVersion "1"]
[SourceVersionDate "2021.11.30"]
[SourceQuality "1"]
[WhiteTeam "Padova Obiettivo"]
[BlackTeam "Marostica Pizzato Elettrica"]
[WhiteTeamCountry "ITA"]
[BlackTeamCountry "ITA"]

1. e4 e5 2. Nf3 Nc6 3. Bb5 a6 4. Ba4 Nf6 5. 0-0 Be7 6. Re1 b5 7. Bb3 d6 8. c3 0-0 9. h3 Nb8 10. d4 Nbd7 11. Nbd2 Bb7 12. Bc2 Re8 13. Nf1 Bf8 14. Ng3 g6 15. a4 c5 16. d5 c4 17. Bg5 h6 18. Be3 Bg7 19. Qd2 h5 20. Rf1 Nc5 21. Bxc5 dxc5 22. Rfb1 Bf8 23. Nf1 Qc7 24. Qe3 Reb8 25. N1d2 Bc8 26. Bd1 Bd7 27. Ra2 Bd6 28. Rba1 Qb7 29. Qg5 Nh7 30. Qg3 Kg7 31. Ng5 Nxg5 32. Qxg5 f6 33. Qg3 Kh7 34. Qh4 Kg7 35. Nf1 Rh8 36. Ne3 Kf7 37. Qg3 h4 38. Qf3 Kg7 39. Ng4 f5 40. exf5 gxf5 41. Ne3 f4 42. Nf1 Bf5 43. Nd2 b4 44. Nxc4 Qe7 45. Qe2 e4 46. f3 e3 47. Bc2 Rh5 48. Bxf5 Rxf5 49. Rd1 Rd8 50. Qd3 Rg5 51. b3 bxc3 52. Qxc3+ Kh6 53. Qd3 Rdg8 54. Kf1 R8g6 55. Qe4 Qd7 56. Rc2 Bb8 57. d6 Bxd6 58. Ne5 Rxe5 59. Qxe5 Qc6 60. Qh8+ Kg5 61. Rc4 Kf5 62. Re4 Qb7 63. Qh5+ Rg5 64. Qe8 Rg6 65. Rxd6 1-0

[Event "ITA-chT T9 51st"]
[Site "Brixen Bressanone"]
[Date "2019.05.01"]
[Round "1.2"]
[White "Basso, Pier Luigi"]
[Black "Dervishi, Erald"]
[Result "1-0"]
[WhiteElo "2542"]
[BlackElo "2559"]
[PlyCount "61"]
[EventDate "2019.05.01"]
[EventType "team-match"]
[EventRounds "1"]
[EventCountry "ITA"]
[SourceTitle "CBM 190 Extra"]
[Source "ChessBase"]
[SourceDate "2019.07.15"]
[SourceVersion "1"]
[SourceVersionDate "2019.07.15"]
[SourceQuality "1"]
[WhiteTeam "Modena WorldtradingLab"]
[BlackTeam "Marostica Pizzato Elettrica"]
[WhiteTeamCountry "ITA"]
[BlackTeamCountry "ITA"]

1. d4 Nf6 2. c4 e6 3. Nf3 d5 4. Nc3 Be7 5. Bf4 0-0 6. a3 c5 7. dxc5 Bxc5 8. e3 Nc6 9. Qc2 Qa5 10. Rd1 Be7 11. Be2 dxc4 12. Bxc4 e5 13. Bg3 Bg4 14. 0-0 Rac8 15. Nd5 Bxf3 16. gxf3 b5 17. Bb3 g6 18. Qxc6 Rxc6 19. Nxe7+ Kg7 20. Nxc6 Qb6 21. Nxe5 a5 22. Rd4 a4 23. Ba2 Rd8 24. Rxd8 Qxd8 25. Nxf7 Qa8 26. Ng5 h6 27. Ne6+ Kh7 28. Rc1 Qxf3 29. Rc7+ Kh8 30. Nf8 Qe4 31. Rh7+ 1-0

[Event "ITA-chT T8 51st"]
[Site "Brixen Bressanone"]
[Date "2019.04.30"]
[Round "1.2"]
[White "Dervishi, Erald"]
[Black "Sadzikowski, Daniel"]
[Result "1/2-1/2"]
[WhiteElo "2559"]
[BlackElo "2523"]
[PlyCount "167"]
[EventDate "2019.04.30"]
[EventType "team-match"]
[EventRounds "1"]
[EventCountry "ITA"]
[SourceTitle "CBM 190 Extra"]
[Source "ChessBase"]
[SourceDate "2019.07.15"]
[SourceVersion "1"]
[SourceVersionDate "2019.07.15"]
[SourceQuality "1"]
[WhiteTeam "Marostica Pizzato Elettrica"]
[BlackTeam "Chieti"]
[WhiteTeamCountry "ITA"]
[BlackTeamCountry "ITA"]

1. e4 c6 2. d4 d5 3. Nd2 dxe4 4. Nxe4 Bf5 5. Ng3 Bg6 6. h4 h6 7. Nf3 Nd7 8. h5 Bh7 9. Bd3 Bxd3 10. Qxd3 e6 11. Bd2 Ngf6 12. 0-0-0 Be7 13. Ne4 Nxe4 14. Qxe4 Nf6 15. Qe2 Qd5 16. c4 Qe4 17. Rde1 Qxe2 18. Rxe2 0-0 19. Bc3 Rfd8 20. Kc2 a5 21. a4 Kf8 22. Ne5 c5 23. dxc5 Bxc5 24. g4 Bd4 25. f3 Bxc3 26. bxc3 Nd7 27. Rb1 Nc5 28. Rb5 Rac8 29. Rxa5 f6 30. Ng6+ Kf7 31. Nf4 Rd6 32. Re1 Nd7 33. Re4 Rdc6 34. Ra7 Nc5 35. Re1 Rd6 36. Rd1 Rxd1 37. Kxd1 Ke7 38. Kc2 Kd6 39. Ra5 Kc6 40. Ne2 e5 41. Ng3 Re8 42. Ne4 Nxe4 43. fxe4 g6 44. Rb5 gxh5 45. gxh5 Rg8 46. a5 Rg4 47. Rb6+ Kc7 48. Rxf6 Rxe4 49. Kd3 Rg4 50. Rxh6 e4+ 51. Ke3 Rg5 52. Rh8 Rxa5 53. h6 Rh5 54. h7 Kb6 55. c5+ Ka7 56. Kxe4 Rh1 57. Ke5 Rh6 58. Kd5 Rh5+ 59. Kd6 Rh4 60. c6 Rh6+ 61. Kd7 bxc6 62. Kc7 Rh3 63. c4 Rh4 64. c5 Rh6 65. Rd8 Rxh7+ 66. Kxc6 Rh5 67. Kd6 Rh6+ 68. Kc7 Rh7+ 69. Rd7 Rh8 70. c6 Ka6 71. Re7 Ka7 72. Re1 Rh7+ 73. Kd6 Rh6+ 74. Kd7 Rh7+ 75. Re7 Rh8 76. Kc7 Ka6 77. Rd7 Rh1 78. Kc8 Kb6 79. c7 Kc6 80. Kb8 Rb1+ 81. Kc8 Rh1 82. Rd2 Rh8+ 83. Rd8 Rh7 84. Kb8 1/2-1/2

[Event "ITA-chTA 51st"]
[Site "Brixen Bressanone"]
[Date "2019.04.29"]
[Round "7.4"]
[White "Velten, Paul"]
[Black "Dervishi, Erald"]
[Result "1-0"]
[WhiteElo "2507"]
[BlackElo "2559"]
[PlyCount "97"]
[EventDate "2019.04.26"]
[EventType "team-swiss"]
[EventRounds "7"]
[EventCountry "ITA"]
[SourceTitle "CBM 190 Extra"]
[Source "ChessBase"]
[SourceDate "2019.07.15"]
[SourceVersion "1"]
[SourceVersionDate "2019.07.15"]
[SourceQuality "1"]
[WhiteTeam "Montebelluna Master"]
[BlackTeam "Marostica Pizzato Elettrica"]
[WhiteTeamCountry "ITA"]
[BlackTeamCountry "ITA"]

1. d4 Nf6 2. c4 e6 3. Nf3 d5 4. Nc3 Be7 5. Bf4 0-0 6. e3 b6 7. cxd5 exd5 8. Bd3 Bb7 9. 0-0 a6 10. Ne5 Nbd7 11. Bf5 g6 12. Nxd7 Nxd7 13. Bg4 Nf6 14. Bf3 Qd7 15. Rc1 Rac8 16. Qb3 Rfd8 17. Rc2 h5 18. Rfc1 Ne8 19. h3 Kg7 20. Bg3 f5 21. Ne2 h4 22. Be5+ Bf6 23. Nf4 Bxe5 24. dxe5 g5 25. Ne2 g4 26. Nd4 Kg8 27. e6 Qd6 28. Nxf5 Qxe6 29. Bxg4 Qf6 30. Rc6 Bxc6 31. Rxc6 Qe5 32. Nxh4 Rd6 33. Ng6 Qe4 34. Bf5 Qxf5 35. Ne7+ Kf8 36. Nxf5 Rxc6 37. Qxd5 Rf6 38. g4 c6 39. Qb3 c5 40. e4 c4 41. Qa3+ Rc5 42. Qxa6 Re6 43. Qb7 c3 44. bxc3 Rxc3 45. Qh7 Rc7 46. Qh8+ Kf7 47. e5 Rec6 48. Kg2 Re6 49. Nd6+ 1-0

[Event "ITA-chTA 51st"]
[Site "Brixen Bressanone"]
[Date "2019.04.27"]
[Round "3.2"]
[White "Moroni, Luca Jr"]
[Black "Dervishi, Erald"]
[Result "1/2-1/2"]
[WhiteElo "2553"]
[BlackElo "2559"]
[PlyCount "87"]
[EventDate "2019.04.26"]
[EventType "team-swiss"]
[EventRounds "7"]
[EventCountry "ITA"]
[SourceTitle "CBM 190 Extra"]
[Source "ChessBase"]
[SourceDate "2019.07.15"]
[SourceVersion "1"]
[SourceVersionDate "2019.07.15"]
[SourceQuality "1"]
[WhiteTeam "Cerianese Scacchistica"]
[BlackTeam "Marostica Pizzato Elettrica"]
[WhiteTeamCountry "ITA"]
[BlackTeamCountry "ITA"]

1. e4 e5 2. Nf3 Nc6 3. Bb5 a6 4. Ba4 Nf6 5. 0-0 Be7 6. Re1 b5 7. Bb3 d6 8. c3 0-0 9. h3 Nb8 10. d4 Nbd7 11. Nbd2 Bb7 12. Bc2 Re8 13. Nf1 Bf8 14. Ng3 g6 15. b3 c6 16. Bg5 h6 17. Be3 Bg7 18. Qd2 h5 19. a4 Qc7 20. Bd3 d5 21. exd5 Nxd5 22. Bh6 Bf6 23. c4 bxc4 24. bxc4 Nf4 25. Bxf4 exf4 26. Ne4 c5 27. Nxf6+ Nxf6 28. Ne5 g5 29. Qc3 cxd4 30. Qxd4 Rad8 31. Qb2 g4 32. Nxg4 Nxg4 33. hxg4 Qc6 34. Bf1 hxg4 35. Re5 Qh6 36. Rae1 Rxe5 37. Qxe5 Bc6 38. Rb1 Bxa4 39. c5 Re8 40. Qf5 g3 41. fxg3 fxg3 42. Qg4+ Kf8 43. Qxg3 Bb5 44. Bxb5 1/2-1/2

[Event "Olympiad-43"]
[Site "Batumi"]
[Date "2018.09.25"]
[Round "2.1"]
[White "Dervishi, Erald"]
[Black "Leko, Peter"]
[Result "1-0"]
[WhiteElo "2567"]
[BlackElo "2690"]
[PlyCount "107"]
[EventDate "2018.09.24"]
[EventType "team-swiss"]
[EventRounds "11"]
[EventCountry "GEO"]
[SourceTitle "CBM 187"]
[Source "ChessBase"]
[SourceDate "2018.12.11"]
[SourceVersion "1"]
[SourceVersionDate "2018.12.11"]
[SourceQuality "1"]
[WhiteTeam "Albania"]
[BlackTeam "Hungary"]
[WhiteTeamCountry "ALB"]
[BlackTeamCountry "HUN"]

1. e4 c5 2. Nf3 d6 3. d4 cxd4 4. Nxd4 Nf6 5. Nc3 a6 6. Be2 e5 7. Nb3 Be7 8. 0-0 0-0 9. Kh1 Nc6 10. f4 b5 11. Bf3 b4 12. Nd5 a5 13. fxe5 Nxe5 14. Nxe7+ Qxe7 15. Bg5 h6 16. Bh4 g5 17. Bg3 Bb7 18. Nd4 Nxf3 19. Nf5 Qe6 20. Nxd6 Nxe4 21. Nxb7 Nfd2 22. Nc5 Qg6 23. Re1 Rac8 24. Nd3 Rfe8 25. Rc1 Re6 26. Bf2 Rce8 27. Bg1 Nc4 28. b3 Ncd6 29. Qf3 Rf6 30. Qh3 g4 31. Qe3 Nf5 32. Nf4 Qg5 33. Qxe4 Rxe4 34. Rxe4 Nd6 35. Rd4 Nb5 36. Rd8+ Kh7 37. Nd3 Rd6 38. Rc8 Rd8 39. Rc4 Nd6 40. Rc5 Qd2 41. Rf1 Kg7 42. Rf4 f5 43. Rc7+ Kf6 44. Rd4 Nb5 45. Rc6+ Ke7 46. Rdc4 Nd6 47. R4c5 f4 48. Rc7+ Rd7 49. Re5+ Kd8 50. Rc6 f3 51. Bb6+ Rc7 52. Rxd6+ Kc8 53. Re8+ Kb7 54. Nc5+ 1-0

[Event "Wch Blitz"]
[Site "Riadh"]
[Date "2017.12.30"]
[Round "20"]
[White "Dervishi, Erald"]
[Black "Al Saffar, Araz Basim Mohammed"]
[Result "1-0"]
[WhiteElo "2552"]
[BlackElo "2368"]
[PlyCount "91"]
[EventDate "2017.12.29"]
[EventType "swiss (blitz)"]
[EventRounds "21"]
[EventCountry "SAU"]
[SourceTitle "CBM 182 Extra"]
[Source "ChessBase"]
[SourceDate "2018.02.23"]
[SourceVersion "1"]
[SourceVersionDate "2018.02.23"]
[SourceQuality "1"]

1. e4 e5 2. Nf3 Nf6 3. Nc3 Bb4 4. d3 d5 5. exd5 Nxd5 6. Bd2 Bxc3 7. bxc3 Nc6 8. g3 0-0 9. Bg2 Bg4 10. h3 Bf5 11. 0-0 Qd7 12. Kh2 h6 13. Re1 Rfe8 14. Rb1 b6 15. c4 Nf6 16. Bc3 Qd6 17. Nxe5 Bd7 18. Nxd7 Qxd7 19. Bxf6 gxf6 20. Qg4+ Qxg4 21. hxg4 Ne5 22. Bxa8 Rxa8 23. Kh3 Rd8 24. f4 Nc6 25. Re4 Kf8 26. Rbe1 a5 27. R1e3 Nd4 28. c3 Ne6 29. d4 c6 30. Rxe6 fxe6 31. Rxe6 Kf7 32. Rxc6 Rb8 33. a4 Rb7 34. Kg2 Ke7 35. Kf3 Kf7 36. d5 Rb8 37. Rc7+ Kg8 38. d6 Rd8 39. d7 Kf7 40. Ke4 Ke6 41. Rb7 Kd6 42. Kf5 Ke7 43. Rc7 Kd6 44. Ra7 Ke7 45. Rb7 Rf8 46. d8Q+ 1-0

[Event "Wch Blitz"]
[Site "Riadh"]
[Date "2017.12.29"]
[Round "8"]
[White "Aronian, Levon"]
[Black "Dervishi, Erald"]
[Result "1-0"]
[WhiteElo "2805"]
[BlackElo "2552"]
[PlyCount "85"]
[EventDate "2017.12.29"]
[EventType "swiss (blitz)"]
[EventRounds "21"]
[EventCountry "SAU"]
[SourceTitle "CBM 182 Extra"]
[Source "ChessBase"]
[SourceDate "2018.02.23"]
[SourceVersion "1"]
[SourceVersionDate "2018.02.23"]
[SourceQuality "1"]

1. d4 Nf6 2. Bf4 e6 3. e3 c5 4. c3 b6 5. Nf3 Bb7 6. Nbd2 Be7 7. Bd3 cxd4 8. exd4 d6 9. 0-0 0-0 10. Re1 Nbd7 11. Nc4 Qc7 12. Ne3 Rfe8 13. h3 Bf8 14. a4 a6 15. Bh2 g6 16. Nd2 e5 17. Bf1 Bg7 18. Qb3 Bc6 19. Rad1 b5 20. axb5 axb5 21. Qc2 Qb7 22. dxe5 dxe5 23. b4 Nb6 24. Nb3 Qe7 25. Na5 Bd7 26. Bd3 e4 27. Bf1 Rac8 28. Nb7 Na4 29. Nc5 Nxc5 30. Bd6 Qe6 31. bxc5 Bc6 32. Qb1 Nd7 33. Bxb5 Bxc3 34. Bc4 Qf6 35. Ng4 Qg7 36. Re3 h5 37. Nh6+ Qxh6 38. Rxc3 e3 39. Rxe3 Rxe3 40. fxe3 Qxe3+ 41. Kh2 Be4 42. Qb3 Nxc5 43. Qxe3 1-0

[Event "Wch Blitz"]
[Site "Riadh"]
[Date "2017.12.29"]
[Round "4"]
[White "Dervishi, Erald"]
[Black "Saeed, Ishaq"]
[Result "1-0"]
[WhiteElo "2552"]
[BlackElo "2434"]
[PlyCount "107"]
[EventDate "2017.12.29"]
[EventType "swiss (blitz)"]
[EventRounds "21"]
[EventCountry "SAU"]
[SourceTitle "CBM 182 Extra"]
[Source "ChessBase"]
[SourceDate "2018.02.23"]
[SourceVersion "1"]
[SourceVersionDate "2018.02.23"]
[SourceQuality "1"]

1. e4 e5 2. Nf3 Nc6 3. Bb5 a6 4. Ba4 Nf6 5. 0-0 b5 6. Bb3 Bb7 7. Re1 Bc5 8. c3 d6 9. d4 Bb6 10. Be3 0-0 11. Nbd2 Rb8 12. h3 Re8 13. Qb1 h6 14. a4 Qd7 15. axb5 axb5 16. d5 Na5 17. Bxb6 cxb6 18. Bc2 Rbc8 19. Bd3 Nh5 20. Bf1 Nf4 21. Kh2 f5 22. exf5 Bxd5 23. g3 Nh5 24. Bg2 Nf6 25. g4 Qb7 26. Qd1 Rcd8 27. Qe2 Nc4 28. Nxc4 bxc4 29. Rad1 b5 30. Rxd5 Qxd5 31. Nd4 e4 32. Ne6 Qe5+ 33. Kg1 Rxe6 34. fxe6 d5 35. Qe3 Qxe6 36. Ra1 b4 37. Ra7 bxc3 38. bxc3 Qd6 39. g5 hxg5 40. Qxg5 Rd7 41. Ra8+ Kf7 42. Qe3 d4 43. cxd4 Qxd4 44. Qxd4 Rxd4 45. Rc8 g5 46. Bf1 Kg6 47. Bxc4 Kf5 48. Be2 Nd5 49. Bg4+ Ke5 50. Re8+ Kd6 51. Re6+ Kc7 52. Re5 Nf4 53. Rxg5 Rd3 54. Rg7+ 1-0

[Event "Wch Blitz"]
[Site "Riadh"]
[Date "2017.12.29"]
[Round "10"]
[White "Dervishi, Erald"]
[Black "Tregubov, Pavel V"]
[Result "0-1"]
[WhiteElo "2552"]
[BlackElo "2575"]
[PlyCount "108"]
[EventDate "2017.12.29"]
[EventType "swiss (blitz)"]
[EventRounds "21"]
[EventCountry "SAU"]
[SourceTitle "CBM 182 Extra"]
[Source "ChessBase"]
[SourceDate "2018.02.23"]
[SourceVersion "1"]
[SourceVersionDate "2018.02.23"]
[SourceQuality "1"]

1. e4 c5 2. Nf3 e6 3. d4 cxd4 4. Nxd4 Nc6 5. Nc3 Nf6 6. Be2 Bb4 7. f3 d5 8. Nxc6 bxc6 9. 0-0 0-0 10. Bd3 Bb7 11. Kh1 Be7 12. e5 Nd7 13. f4 Nc5 14. Be2 a5 15. Be3 Ba6 16. f5 exf5 17. Rxf5 Qd7 18. Bg4 Ne6 19. Ne2 Qb7 20. b3 Bc5 21. Bxc5 Nxc5 22. Ng3 g6 23. Rf2 Rae8 24. Qd4 Qb4 25. c3 Qxd4 26. cxd4 Ne6 27. Bxe6 Rxe6 28. Rc1 f6 29. exf6 Rfxf6 30. Rxf6 Rxf6 31. Kg1 a4 32. h3 axb3 33. axb3 Bb5 34. Nh1 Rf4 35. Rd1 Re4 36. Nf2 Re3 37. Ng4 Rxb3 38. Re1 Kf8 39. Re6 Rd3 40. Rd6 Rxd4 41. Rd7 Rf4 42. Rxh7 d4 43. Ne5 Ke8 44. Nxg6 Rf1+ 45. Kh2 d3 46. Re7+ Kd8 47. Re4 c5 48. Re5 Bc4 49. Rxc5 d2 50. Rxc4 d1Q 51. Nf4 Qe1 52. Rd4+ Ke8 53. g4 Qf2+ 54. Ng2 Qxd4 0-1

[Event "Wch Rapid"]
[Site "Riadh"]
[Date "2017.12.28"]
[Round "11"]
[White "Dervishi, Erald"]
[Black "Tissir, Mohamed"]
[Result "1-0"]
[WhiteElo "2552"]
[BlackElo "2381"]
[PlyCount "67"]
[EventDate "2017.12.26"]
[EventType "swiss (rapid)"]
[EventRounds "15"]
[EventCountry "SAU"]
[SourceTitle "CBM 182 Extra"]
[Source "ChessBase"]
[SourceDate "2018.02.23"]
[SourceVersion "1"]
[SourceVersionDate "2018.02.23"]
[SourceQuality "1"]

1. e4 c5 2. Nf3 d6 3. d4 cxd4 4. Nxd4 Nf6 5. Nc3 a6 6. Be2 e5 7. Nb3 Be6 8. 0-0 Be7 9. Kh1 Nc6 10. f4 exf4 11. Bxf4 0-0 12. Qe1 Ne5 13. Rd1 Qc7 14. Nd4 b5 15. a3 Kh8 16. Qg3 Rad8 17. Bg5 Ng8 18. Bc1 Bf6 19. Nf5 Nc4 20. Nd5 Bxd5 21. Rxd5 Ne5 22. c3 Ne7 23. Nxe7 Qxe7 24. Bf4 Rfe8 25. a4 bxa4 26. Bxa6 Rb8 27. Bb5 Red8 28. Rfd1 h6 29. h3 Qa7 30. c4 Rbc8 31. Rxd6 Rxd6 32. Rxd6 Nxc4 33. Bxc4 Rxc4 34. Rxf6 1-0

[Event "Wch Rapid"]
[Site "Riadh"]
[Date "2017.12.26"]
[Round "5"]
[White "Dervishi, Erald"]
[Black "Malakhov, Vladimir"]
[Result "0-1"]
[WhiteElo "2552"]
[BlackElo "2686"]
[PlyCount "99"]
[EventDate "2017.12.26"]
[EventType "swiss (rapid)"]
[EventRounds "15"]
[EventCountry "SAU"]
[SourceTitle "CBM 182 Extra"]
[Source "ChessBase"]
[SourceDate "2018.02.23"]
[SourceVersion "1"]
[SourceVersionDate "2018.02.23"]
[SourceQuality "1"]

1. e4 g6 2. d4 Bg7 3. Nf3 d6 4. Nc3 Nf6 5. Be2 0-0 6. 0-0 a6 7. h3 Nc6 8. a4 e6 9. Re1 b6 10. Be3 Bb7 11. Qd2 Ne7 12. Bd3 c5 13. dxc5 bxc5 14. e5 dxe5 15. Nxe5 Rc8 16. Bh6 Nf5 17. Bxg7 Kxg7 18. Rad1 Nd4 19. Ne2 Qc7 20. Ng3 Nc6 21. Nc4 Nb4 22. Bf1 Rcd8 23. Qe2 Rd5 24. c3 Nc6 25. Ne3 Rdd8 26. Ng4 Nd5 27. Qd2 Nf4 28. Qe3 Rxd1 29. Rxd1 f5 30. Nh2 Ne5 31. Qxf4 Nf3+ 32. Qxf3 Bxf3 33. Nxf3 e5 34. Bc4 h6 35. Bxa6 e4 36. Ne1 Rd8 37. Rb1 f4 38. Nf1 g5 39. b4 cxb4 40. cxb4 e3 41. fxe3 fxe3 42. Be2 Rd2 43. Nxd2 exd2 44. Nd3 Qe7 45. Bf1 Qe3+ 46. Kh1 h5 47. b5 g4 48. b6 gxh3 49. b7 hxg2+ 50. Bxg2 0-1

[Event "Paris European Corporate 1st"]
[Site "Paris"]
[Date "2017.11.25"]
[Round "6.3"]
[White "Samoun, Florent"]
[Black "Dervishi, Erald"]
[Result "0-1"]
[WhiteElo "2317"]
[BlackElo "2552"]
[PlyCount "96"]
[EventDate "2017.11.24"]
[EventType "team-swiss"]
[EventRounds "9"]
[EventCountry "FRA"]
[SourceTitle "CBM 181 Extra"]
[Source "ChessBase"]
[SourceDate "2017.12.12"]
[SourceVersion "1"]
[SourceVersionDate "2017.12.12"]
[SourceQuality "1"]
[WhiteTeam "Engie"]
[BlackTeam "Event Consulting"]
[WhiteTeamCountry "FRA"]
[BlackTeamCountry "FRA"]

1. e4 e5 2. Nf3 Nc6 3. Bb5 a6 4. Ba4 Nf6 5. d3 b5 6. Bb3 Be7 7. c3 0-0 8. Nbd2 d5 9. 0-0 Re8 10. Re1 Bf8 11. Nf1 dxe4 12. dxe4 Qxd1 13. Bxd1 Bb7 14. Ng3 g6 15. Bg5 Nd7 16. Bc2 h6 17. Be3 Nc5 18. Rad1 Ne6 19. h4 h5 20. Ng5 Na5 21. Nf1 Nc4 22. Nxe6 Rxe6 23. Bc1 a5 24. Ne3 Nb6 25. Nd5 Nxd5 26. exd5 Ree8 27. Bd3 Ba6 28. b3 f5 29. f3 b4 30. c4 Kf7 31. Re2 Bg7 32. Rde1 Re7 33. Be3 Rae8 34. Bc5 Rd7 35. Bc2 Rc8 36. g4 hxg4 37. fxg4 f4 38. h5 gxh5 39. gxh5 Bf6 40. Bf5 Rg8+ 41. Kh2 Re7 42. Be6+ Rxe6 43. dxe6+ Kxe6 44. Bd4 Rg5 45. h6 Bb7 46. Bxe5 Rh5+ 47. Kg1 Rh1+ 48. Kf2 Bh4# 0-1

[Event "Francophone-ch 5th"]
[Site "Yasmine Hammamet"]
[Date "2017.11.02"]
[Round "6"]
[White "Bellia, Fabrizio"]
[Black "Dervishi, Erald"]
[Result "1-0"]
[WhiteElo "2435"]
[BlackElo "2552"]
[PlyCount "87"]
[EventDate "2017.10.28"]
[EventType "swiss"]
[EventRounds "9"]
[EventCountry "TUN"]
[SourceTitle "EXT 2019"]
[Source "ChessBase"]
[SourceDate "2018.10.10"]
[SourceVersion "1"]
[SourceVersionDate "2018.10.10"]
[SourceQuality "1"]

1. d4 Nf6 2. c4 e6 3. Nc3 d5 4. Nf3 Be7 5. Bf4 0-0 6. e3 b6 7. cxd5 exd5 8. Bd3 Bb7 9. 0-0 a6 10. Rc1 Nbd7 11. Ne5 c5 12. Qf3 Ra7 13. Qh3 g6 14. Bh6 Re8 15. f4 c4 16. Bf5 Nf8 17. Bc2 N6d7 18. Bxf8 Nxf8 19. f5 Bf6 20. Ng4 Bg5 21. Nh6+ Bxh6 22. Qxh6 Qd6 23. Rf4 Qe7 24. Re1 Nd7 25. fxg6 fxg6 26. Bxg6 Rf8 27. Rxf8+ Nxf8 28. Bc2 b5 29. Rf1 Ra8 30. Rf5 Re8 31. Re5 Qf7 32. Qg5+ Kh8 33. Rf5 Qg7 34. Kf2 Qxg5 35. Rxg5 Rd8 36. g3 Bc6 37. Bd1 a5 38. Bf3 Ne6 39. Re5 Nc7 40. Re7 Na8 41. Bxd5 Bxd5 42. Nxd5 Rxd5 43. Re8+ Kg7 44. Rxa8 1-0

[Event "Francophone-ch 5th"]
[Site "Yasmine Hammamet"]
[Date "2017.11.02"]
[Round "7"]
[White "Dervishi, Erald"]
[Black "Aloma Vidal, Roberto"]
[Result "1-0"]
[WhiteElo "2552"]
[BlackElo "2440"]
[PlyCount "74"]
[EventDate "2017.10.28"]
[EventType "swiss"]
[EventRounds "9"]
[EventCountry "TUN"]
[SourceTitle "EXT 2019"]
[Source "ChessBase"]
[SourceDate "2018.10.10"]
[SourceVersion "1"]
[SourceVersionDate "2018.10.10"]
[SourceQuality "1"]

1. e4 c6 2. d4 d5 3. Nc3 dxe4 4. Nxe4 Bf5 5. Ng3 Bg6 6. h4 h6 7. Nf3 e6 8. Ne5 Bh7 9. Bd3 Bxd3 10. Qxd3 Nd7 11. f4 Be7 12. Nf3 Ngf6 13. Bd2 0-0 14. 0-0-0 c5 15. f5 Qc7 16. fxe6 Qxg3 17. exd7 Rfd8 18. Rh3 Qc7 19. g4 Qxd7 20. Rg3 Qe6 21. Kb1 Qe4 22. Qf1 Bd6 23. Re1 Bxg3 24. Rxe4 Nxe4 25. Bc1 cxd4 26. g5 hxg5 27. hxg5 g6 28. Qe2 Nc5 29. Qg2 Bc7 30. a3 Rd7 31. Qg4 Rad8 32. Bd2 Rd5 33. Ka2 Be5 34. Nxe5 Rxe5 35. Qf4 Red5 36. c4 Ne6 37. Qh2 Rc5 1-0

[Event "Olympiad-42"]
[Site "Baku"]
[Date "2016.09.10"]
[Round "8.1"]
[White "Wiedenkeller, Michael"]
[Black "Dervishi, Erald"]
[Result "1/2-1/2"]
[WhiteElo "2458"]
[BlackElo "2564"]
[PlyCount "172"]
[EventDate "2016.09.02"]
[EventType "team-swiss"]
[EventRounds "11"]
[EventCountry "AZE"]
[SourceTitle "CBM 175"]
[Source "ChessBase"]
[SourceDate "2016.11.10"]
[SourceVersion "1"]
[SourceVersionDate "2016.11.10"]
[SourceQuality "1"]
[WhiteTeam "Luxembourg"]
[BlackTeam "Albania"]
[WhiteTeamCountry "LUX"]
[BlackTeamCountry "ALB"]

1. d4 Nf6 2. c4 e6 3. g3 d5 4. Nf3 Be7 5. Bg2 0-0 6. 0-0 b6 7. Nc3 Bb7 8. cxd5 exd5 9. Ne5 Na6 10. Bf4 Ne4 11. Rc1 c5 12. dxc5 Naxc5 13. Nxe4 dxe4 14. b4 Ne6 15. Nc6 Bxc6 16. Rxc6 Qxd1 17. Rxd1 Rad8 18. Rxd8 Rxd8 19. Bxe4 Bxb4 20. Be3 g6 21. Bd3 Bc5 22. Bh6 Bd6 23. Kg2 Nd4 24. Rc1 Bc5 25. Bg5 Re8 26. e3 Ne6 27. Bf6 Nf8 28. Bc4 Nd7 29. Bb2 Kf8 30. Rd1 Rd8 31. e4 Ke7 32. f4 f6 33. Bb5 Bd6 34. Bc1 a6 35. Bc6 Nb8 36. Bd5 Rc8 37. Be3 Nd7 38. Kf3 Rc3 39. Ke2 a5 40. Bd2 Rc7 41. Rb1 Bc5 42. a4 Nb8 43. Bxa5 Nd7 44. Bd2 Ra7 45. Bc6 Nb8 46. Bb5 Na6 47. Bc3 Nc7 48. Ra1 Nxb5 49. axb5 Rc7 50. Bd2 h5 51. h3 Bd4 52. Ra4 Bg1 53. g4 hxg4 54. hxg4 Kf7 55. Ra1 Bd4 56. Rc1 Ra7 57. Bb4 Ra4 58. Rc7+ Kg8 59. Bd6 Bg1 60. Kf3 g5 61. fxg5 fxg5 62. Be7 Ra5 63. e5 Rxb5 64. Bf6 Rb4 65. Bxg5 Bh2 66. Rc8+ Kf7 67. Bf6 Rb3+ 68. Ke4 Rb4+ 69. Kf5 Rf4+ 70. Kg5 Re4 71. Rc7+ Ke6 72. Rc6+ Kd7 73. Rd6+ Kc7 74. Re6 b5 75. Re8 b4 76. e6 b3 77. e7 Bd6 78. Kf5 Re2 79. g5 Bxe7 80. Bxe7 b2 81. Bd6+ Kxd6 82. Rb8 Kd5 83. Kf6 Rf2+ 84. Ke7 Re2+ 85. Kf7 Rf2+ 86. Ke7 Re2+ 1/2-1/2